Carregando...

The secret of the nagas

Detalhes bibliográficos
Autor principal: Amish Thripathi
Formato: Printed Book
Publicado em: Westland 2012
Assuntos:
LEADER 00612nam a22001931a 4500
020 |a 978938126344  |c 0.00 
040 |a SSUS - Library - Kalady 
082 |a 823  |b AMI/S 
100 |a Amish Thripathi 
245 |a The secret of the nagas  |h [Text] 
260 |b Westland  |c 2012 
300 |a 396p. 
600 |a Literature English 
600 |a Literature 
600 |a Novel English 
852 |h 823  |i AMI/S  |p 069168  |9 195.00  |t 0 
942 |c BK 
999 |c 41170  |d 41170 
952 |0 0  |1 0  |4 0  |6 823_000000000000000_AMI_S  |7 0  |9 59715  |a SSUS  |b SSUS  |d 2015-01-08  |g 195.00  |l 21  |m 1  |o 823 AMI/S  |p 069168  |r 2019-04-12  |s 2019-02-28  |v 0.00  |w 2015-01-08  |y BK